A Nők Lapja-jelenség

Bibliographic Details
Main Author: Szemet, Edit (Author)
Format: Article
Language:Hungarian
PhysicalDescription:Fotogr.
Subjects:

MARC

LEADER 00000nab a2200000 ar4500
001 vtls009146742
003 SK-MaSNL
005 20260318124612.0
008 070717c2007 xo |||||||| 000 b|hun
015 |a SNBRB2007/07  |2 snkbucl 
038 |a SNKBUCL 
040 |a DSZK  |b slo  |c DSZK  |e AACR2 
041 0 |a hun 
044 |a xo  |c SK 
080 |a 070.489  |x (439)  |2 1997 
080 |a 008:061.2  |x (=511.141)  |x (437.6)  |2 1997 
080 |a 061.7  |2 1997 
100 1 |a Szemet, Edit  |4 aut  |9 1044819 
245 1 0 |a A Nők Lapja-jelenség  |c Szemet Edit 
300 |b Fotogr. 
610 2 7 |a Kultúrny inštitút Maďarskej republiky (Bratislava, Slovensko)  |2 snkbucl  |9 34215 
630 0 7 |a Nők lapja (časopis)  |x prezentácia  |2 snkbucl  |9 1287075 
648 7 |a 2007  |2 snkbucl  |9 313226 
648 7 |a 8.6.2007  |2 snkbucl  |9 1287076 
651 7 |a Bratislava (Slovensko)  |2 snkbucl  |9 14568 
773 0 |t Vasárnap  |g Évf. 40, sz. 25 (2007), o. 10 
852 |a SNK  |b KIS3GCP 
852 |a DSZK  |b KIS3GCP 
958 |a HU 
958 |a SK 
999 |c 2557713  |d 2559643